000 00602nam a2200217 i 4500
001 30751
003 ES-MaACL
005 20230906154240.0
007 t|
008 030127s1911 fr ||||1| fre d
100 1 _aBellaigue, Camille.
_927189
245 1 0 _aGounod /
_cpar Camille Bellaigue.
250 _a2eme ed.
260 _aParís :
_bFélix Alcan,
_c1911 (
_eEvreux :
_fHérissey)
300 _a240 p. ;
_c21 cm.
490 1 _aLes maitres de la musique
830 0 _aLes maitres de la musique
_9181366
852 _aES-MaACL
_jL-597
852 _aES-MaACL
_jF-2829
999 _c30751
_d30751